000 00226 a2200097 4500
001 7707
100 _aCormac, P
245 _aTreatise on engine balance using exponentials
260 _a
_bChapman Hall
_c
090 _c6168
_d6168
942 _aNUST-CAE
_cM
_c32676
999 _c242780
_d242780